000 00293nam a22001217a 4500
999 _c13465
_d13465
020 _a9789694963297
082 _a954.9105
100 _aGohar Ayub Khan
245 _aTesting Times as Foreign Minister
260 _aIslamabad
_bDost Publications
_c2009
300 _axvi, 352 pages
942 _cBK